[Event "BEL-chT 0607"]
[Site "Belgium"]
[Date "2006.10.01"]
[Round "1"]
[White "Mollekens, Roeland"]
[Black "Denayer, Eric"]
[Result "0-1"]
[WhiteElo "2097"]
[BlackElo "2251"]
[PlyCount "56"]
[EventDate "2006.10.01"]
[EventType "team-tourn"]
[EventRounds "11"]
[EventCountry "BEL"]
[SourceTitle "EXT 2007"]
[Source "ChessBase"]
[SourceDate "2006.11.23"]
[SourceVersion "1"]
[SourceVersionDate "2006.11.23"]
[SourceQuality "1"]
[WhiteTeam "Borgerhout"]
[BlackTeam "Charleroi CREC"]
[WhiteTeamCountry "BEL"]
[BlackTeamCountry "BEL"]

1. e4 c5 2. Nc3 Nc6 3. f4 g6 4. Nf3 Bg7 5. g3 d6 6. Bg2 Bg4 7. h3 Bxf3 8. Bxf3 e5 9. d3 exf4 10. Bxf4 Nge7 11. 0-0 Ne5 12. Bg2 0-0 13. Qd2 b5 14. Nxb5 Rb8 15. c4 a6 16. Nc3 N7c6 17. Nd5 Rxb2 18. Qxb2 Nf3+ 19. Rxf3 Bxb2 20. Rb1 Bd4+ 21. Kh1 Ne5 22. Bh6 Nxf3 23. Bxf8 Kxf8 24. Bxf3 Qa5 25. Rf1 Qxa2 26. Bg2 a5 27. Nb6 Qb3 28. Nc8 Qb8 0-1

[Event "Charleroi op 5th"]
[Site "Charleroi"]
[Date "2006.08.02"]
[Round "6"]
[White "Denayer, Eric"]
[Black "Giadrosic, Dinko"]
[Result "1-0"]
[WhiteElo "2279"]
[BlackElo "2059"]
[PlyCount "123"]
[EventDate "2006.07.29"]
[EventType "swiss"]
[EventRounds "9"]
[EventCountry "BEL"]
[SourceTitle "CBM 113 Extra"]
[Source "ChessBase"]
[SourceDate "2006.09.14"]
[SourceVersion "1"]
[SourceVersionDate "2006.09.14"]
[SourceQuality "1"]

1. Nf3 d6 2. d4 Bg4 3. e4 Nf6 4. Bd3 Nbd7 5. h3 Bh5 6. g4 Bg6 7. Qe2 e5 8. Bg5 Be7 9. Nbd2 c6 10. dxe5 Nxe5 11. Nxe5 dxe5 12. 0-0-0 h6 13. Be3 Nh7 14. Nf3 Qa5 15. Kb1 0-0-0 16. Bd2 Qc7 17. Nxe5 Qxe5 18. f4 Qc7 19. f5 Nf8 20. fxg6 Nxg6 21. Qf2 Ne5 22. Bc3 Kb8 23. Be2 Bf6 24. Bd4 b6 25. c3 c5 26. Be3 Bg5 27. Bxg5 hxg5 28. Rd5 Rxd5 29. exd5 c4 30. Qe3 f6 31. Rd1 Qd6 32. Bf1 b5 33. Qe4 g6 34. Bg2 Rf8 35. Rf1 Kc7 36. a3 Rf7 37. Qd4 Kb8 38. Be4 Rh7 39. Qe3 Re7 40. Qd4 Rh7 41. Qe3 Re7 42. Qg3 Kc7 43. Qf2 a6 44. Qxf6 Nxg4 45. Qd4 Rxe4 46. Qxe4 Nf6 47. Qxg6 Nxd5 48. Qh7+ Kb6 49. Qe4 Nf4 50. h4 Ne6 51. hxg5 Ka5 52. g6 Nc5 53. Qc2 Ne6 54. Rg1 Qc5 55. Qg2 Qf5+ 56. Ka2 Nf4 57. Qf2 Qe4 58. Qxf4 Qxf4 59. g7 Qf2 60. g8Q Qc2 61. Qd8+ Ka4 62. Qd1 1-0

[Event "BEL-ch"]
[Site "Namur"]
[Date "2006.07.07"]
[Round "7"]
[White "Denayer, Eric"]
[Black "Geenen, Marc"]
[Result "1/2-1/2"]
[WhiteElo "2251"]
[BlackElo "2343"]
[PlyCount "60"]
[EventDate "2006.07.01"]
[EventType "swiss"]
[EventRounds "9"]
[EventCountry "BEL"]
[SourceTitle "CBM 113 Extra"]
[Source "ChessBase"]
[SourceDate "2006.09.14"]
[SourceVersion "1"]
[SourceVersionDate "2006.09.14"]
[SourceQuality "1"]

1. Nf3 Nf6 2. b3 g6 3. Bb2 Bg7 4. c4 0-0 5. Nc3 c5 6. e3 d5 7. Nxd5 Nxd5 8. Bxg7 Nxe3 9. fxe3 Kxg7 10. d4 Bg4 11. Be2 Qc7 12. 0-0 Nc6 13. Ng5 Bf5 14. d5 Ne5 15. e4 Bd7 16. Qd2 f6 17. Nf3 g5 18. Rad1 Rad8 19. Qc3 b6 20. h3 h6 21. Nxe5 Qxe5 22. Qxe5 fxe5 23. Bg4 Bxg4 24. hxg4 Rf4 25. Rxf4 gxf4 26. Kf2 Rd6 27. Rh1 Rg6 28. Kf3 Rg5 29. Rd1 Rg6 30. Rh1 Rg5 1/2-1/2